Hydrogen & fuel cells : (Record no. 355245)
[ view plain ]
| 000 -LEADER | |
|---|---|
| fixed length control field | 01080nam a2200217 a 4500 |
| 001 - CONTROL NUMBER | |
| control field | ASIN1420071564 |
| 003 - CONTROL NUMBER IDENTIFIER | |
| control field | Nust- CAS-E |
| 005 - DATE AND TIME OF LATEST TRANSACTION | |
| control field | 20180118181354.0 |
| 008 - FIXED-LENGTH DATA ELEMENTS--GENERAL INFORMATION | |
| fixed length control field | 140217s2008 xxu eng d |
| 020 ## - INTERNATIONAL STANDARD BOOK NUMBER | |
| International Standard Book Number | 1420071564 |
| Terms of availability | $125.95 |
| 020 ## - INTERNATIONAL STANDARD BOOK NUMBER | |
| International Standard Book Number | 9781420071566 |
| 040 ## - CATALOGING SOURCE | |
| Transcribing agency | 0 |
| 082 ## - DEWEY DECIMAL CLASSIFICATION NUMBER | |
| Classification number | 629.229 |
| Author Mark | HOR 2008 |
| 100 1# - MAIN ENTRY--PERSONAL NAME | |
| Personal name | Hordeski, Michael Frank. |
| 245 10 - TITLE STATEMENT | |
| Title | Hydrogen & fuel cells : |
| Remainder of title | advances in transportation and power / |
| Statement of responsibility, etc. | Michael Frank Hordeski. |
| 260 ## - PUBLICATION, DISTRIBUTION, ETC. | |
| Place of publication, distribution, etc. | [S.l.] : |
| Name of publisher, distributor, etc. | Fairmont Press, |
| Date of publication, distribution, etc. | 2008. |
| 300 ## - PHYSICAL DESCRIPTION | |
| Extent | 250 p. ; |
| Dimensions | 24 cm. |
| 520 ## - SUMMARY, ETC. | |
| Summary, etc. | The hydrogen car has been proposed as the solution to our oil problems, but how would it work, and what potential problems associated with it? This book addresses these questions and provides specifics about current developments toward a hydrogen-based energy infrastructure. It offers the reader an informed look at the current state of fuel cell power and transportation technology, and where it's headed. |
| 856 40 - ELECTRONIC LOCATION AND ACCESS | |
| Materials specified | Amazon.com |
| Uniform Resource Identifier | <a href="http://www.amazon.com/exec/obidos/ASIN/1420071564/chopaconline-20">http://www.amazon.com/exec/obidos/ASIN/1420071564/chopaconline-20</a> |
| 942 ## - ADDED ENTRY ELEMENTS (KOHA) | |
| Source of classification or shelving scheme | |
| Koha item type | Book |
| Withdrawn status | Lost status | Source of classification or shelving scheme | Damaged status | Not for loan | Permanent Location | Current Location | Shelving location | Date acquired | Source of acquisition | Total Checkouts | Full call number | Barcode | Date last seen | Date last checked out | Cost, replacement price | Price effective from | Koha item type |
|---|---|---|---|---|---|---|---|---|---|---|---|---|---|---|---|---|---|
| US-Pakistan Center for Advanced Studies in Energy (USPCAS-E) | US-Pakistan Center for Advanced Studies in Energy (USPCAS-E) | General Stacks | 04/11/2013 | Victoria co | 1 | 629.229 HOR 2008 | CAS-E0000102 | 11/24/2014 | 11/24/2014 | 13642.00 | 02/17/2014 | Book |
